Regionálne dimenzie inovačných bariér: od identifikovania k ich prekonaniu

Bibliographic Details
Main Author: Rehák, Štefan, 1974- (Author)
Format: Article
Language:Slovak
PhysicalDescription:Tab.
ISSN:1336-5452
Subjects:

MARC

LEADER 00000nab a2200000 ar4500
001 vtls008992924
003 SK-MaSNL
005 20260304145602.0
008 250505c2006 xo fr|p|||||||000 b|slo
015 |a SNBRB2007/05  |2 snkbucl 
035 |a (uuid)d46e020c-395e-4d29-80cf-c37604736625 
035 |a urn:nbn:sk:snk-abc1q4 
035 |a (urnnbn)urn:nbn:sk:snk:ar-000c57 
038 |a SNKBUCL 
040 |a SNKBUCL  |b slo  |c SNKBUCL  |e AACR2 
041 0 |a slo  |b eng  |b slo 
044 |a xo  |c SK 
080 |a 658.017.2/.3:658.589:332.1  |2 2001 
080 |a 658.589  |2 2001 
080 |a 001.895  |2 2001 
080 |a 332.1  |2 2001 
100 1 |a Rehák, Štefan,  |d 1974-  |4 aut  |9 216299 
245 1 0 |a Regionálne dimenzie inovačných bariér: od identifikovania k ich prekonaniu  |c Štefan Rehák 
246 3 1 |a Regional dimension of innovation barriers: from identifying towards overcoming 
300 |b Tab. 
504 |a Bibliogr. odkazy 
546 |a Súbežný názov angl. ; res. angl., slov. 
650 0 7 |a malé podniky  |2 snkbucl  |9 2191 
650 0 7 |a stredné podniky  |2 snkbucl  |9 2193 
650 0 7 |a inovácie  |2 snkbucl  |9 2291 
650 0 7 |a regionálna ekonomika  |2 snkbucl  |9 2349 
650 0 7 |a regionáílna politika  |2 snkbucl  |9 1468620 
773 0 |t Acta regionalia et environmentalica  |g Roč. 3., č. 2 (2006), s. 50-53  |x 1336-5452 
850 |a Slovenská národná knižnica 
852 |a Slovenská národná knižnica 
954 |a odborná, vedecká literatúra pôvodná (slovenská)  |2 lita 
958 |a article15 
958 |a OND 
958 |a NB 
958 |a EUIPO 
999 |c 2936088  |d 2938018